[Event "ENCI Limburg-open C"]
[Site "Maastricht"]
[Date "2010.05.21"]
[Round "1"]
[White "Dijkstra, Hidde"]
[Black "Esser, Thomas"]
[Result "0-1"]
[WhiteElo "1368"]
[BlackElo "1677"]
[PlyCount "98"]
[EventDate "2010.05.21"]
[EventType "swiss"]
[EventRounds "7"]
[EventCountry "NED"]
[Source "P.Boonen"]
[SourceDate "2010.10.01"]

1. d4 Nf6 2. c4 e5 3. d5 Bc5 4. Nc3 d6 5. e4 Ng4 6. Nh3 Qh4 7. Bg5 Bxf2+ 8. Ke2
Qh5 9. Nxf2 Qxg5 10. Qd3 Nxf2 11. Kxf2 O-O 12. h4 Qg6 13. Be2 f5 14. Kg1 Na6
15. exf5 Bxf5 16. Qd2 h5 17. Qd1 Bg4 18. Bxg4 hxg4 19. Qe2 Nc5 20. b4 Nd7 21.
Ne4 Rf4 22. Ng5 a5 23. g3 Rd4 24. Ne6 Re4 25. Qf1 axb4 26. Qb1 Ra3 27. Rh2
Rxg3+ 28. Kh1 Qf5 29. Qf1 Rf3 30. Qg1 g3 31. Qg2 Rg4 32. Rh3 Rf2 33. Qxg3 Rxg3
34. Rxg3 Rf1+ 35. Rxf1 Qxf1+ 36. Kh2 Nc5 37. Rxg7+ Kh8 38. Rxc7 Nxe6 39. dxe6
Qf4+ 40. Kg1 Qg4+ 41. Kf2 Qxh4+ 42. Ke2 Qg4+ 43. Kd3 Qxe6 44. Rxb7 e4+ 45. Ke3
Qxc4 46. Rd7 Qd3+ 47. Kf2 Qf3+ 48. Ke1 e3 49. a4 Qf2+ 0-1

[Event "ENCI Limburg-open C"]
[Site "Maastricht"]
[Date "2010.05.21"]
[Round "1"]
[White "Fortenbacher, Florian"]
[Black "Boer, Jan"]
[Result "1-0"]
[WhiteElo "1431"]
[BlackElo "1689"]
[PlyCount "87"]
[EventDate "2010.05.21"]
[EventType "swiss"]
[EventRounds "7"]
[EventCountry "NED"]
[Source "P.Boonen"]
[SourceDate "2010.10.01"]

1. e4 c5 2. Nf3 Nc6 3. d4 cxd4 4. Nxd4 Nf6 5. Nc3 e6 6. Bg5 Bb4 7. Nxc6 bxc6 8.
e5 Qa5 9. exf6 Bxc3+ 10. bxc3 Qxg5 11. fxg7 Qe5+ 12. Be2 Qxc3+ 13. Kf1 Rg8 14.
g3 Bb7 15. Bf3 d5 16. Kg2 Rxg7 17. Rb1 Rb8 18. Re1 Kd7 19. Rb3 Qc5 20. Qa1 Rgg8
21. Qf6 Qe7 22. Qd4 c5 23. Qa4+ Kd6 24. Qxa7 Qc7 25. Rb6+ Kd7 26. Reb1 Kc8 27.
a4 Rd8 28. a5 Ra8 29. Qxb7+ Qxb7 30. Rxb7 Rd7 31. Rxd7 Kxd7 32. Rb7+ Ke8 33.
Bh5 Rxa5 34. Rxf7 Kd8 35. Rxh7 Ra2 36. Bg4 Rxc2 37. Bxe6 d4 38. h4 Ke8 39. h5
d3 40. Bf5 c4 41. Rc7 Rc3 42. h6 d2 43. h7 Kd8 44. Rd7+ 1-0

[Event "ENCI Limburg-open C"]
[Site "Maastricht"]
[Date "2010.05.21"]
[Round "1"]
[White "Geene, Joris"]
[Black "Baekelant, Viktor"]
[Result "1-0"]
[WhiteElo "1600"]
[BlackElo "1047"]
[PlyCount "43"]
[EventDate "2010.05.21"]
[EventType "swiss"]
[EventRounds "7"]
[EventCountry "NED"]
[Source "P.Boonen"]
[SourceDate "2010.10.01"]

1. e4 e5 2. Nf3 Nf6 3. Nc3 Nc6 4. Bb5 Bb4 5. O-O a6 6. Bxc6 dxc6 7. Nxe5 Qe7 8.
Nf3 Bxc3 9. dxc3 Nxe4 10. Re1 O-O 11. Ng5 Bf5 12. Nxe4 Bxe4 13. f3 Bxc2 14. Qd2
Rad8 15. Rxe7 Rxd2 16. Bxd2 Rc8 17. Bf4 g6 18. Rxc7 Rb8 19. Rxc6 bxc6 20. Bxb8
Kg7 21. Re1 Bf5 22. Rd1 1-0

[Event "ENCI Limburg-open C"]
[Site "Maastricht"]
[Date "2010.05.21"]
[Round "1"]
[White "Geene, Patrick"]
[Black "Coenjaerts, Rene"]
[Result "1-0"]
[WhiteElo "1548"]
[BlackElo "1717"]
[PlyCount "53"]
[EventDate "2010.05.21"]
[EventType "swiss"]
[EventRounds "7"]
[EventCountry "NED"]
[Source "P.Boonen"]
[SourceDate "2010.10.01"]

1. e4 e5 2. Nf3 Nf6 3. Nc3 Bb4 4. d3 Nc6 5. Bd2 d5 6. a3 Ba5 7. Be2 O-O 8. b4
Bb6 9. Bg5 dxe4 10. Nxe4 a6 11. Nxf6+ gxf6 12. Bh4 Bf5 13. Qd2 Kg7 14. h3 Qd6
15. c3 Rad8 16. Rd1 Qe6 17. Nh2 Bxd3 18. Bg4 Bf5 19. Qe2 Rxd1+ 20. Qxd1 Bxg4
21. Nxg4 f5 22. Nf6 Ne7 23. Qh5 Rh8 24. Qg5+ Ng6 25. Nh5+ Kf8 26. Qh6+ Ke8 27.
Ng7+ 1-0

[Event "ENCI Limburg-open C"]
[Site "Maastricht"]
[Date "2010.05.21"]
[Round "1"]
[White "Godding, Mick"]
[Black "Maessen, Roy"]
[Result "1/2-1/2"]
[WhiteElo "1516"]
[BlackElo "1703"]
[PlyCount "52"]
[EventDate "2010.05.21"]
[EventType "swiss"]
[EventRounds "7"]
[EventCountry "NED"]
[Source "P.Boonen"]
[SourceDate "2010.10.01"]

1. e4 d5 2. exd5 Nf6 3. d4 Nxd5 4. c4 Nb6 5. Nc3 g6 6. Nf3 Bg7 7. h3 O-O 8. c5
Nd5 9. Bc4 c6 10. O-O h6 11. Ne5 Be6 12. Nxd5 Bxd5 13. Qb3 Bxc4 14. Qxc4 Qd5
15. Qxd5 cxd5 16. Rd1 e6 17. Bf4 Nc6 18. Nxc6 bxc6 19. Bd6 Rfd8 20. b4 Bf8 21.
Be5 Rd7 22. Rd3 Rb7 23. Rb3 Bg7 24. Bxg7 Kxg7 25. a4 a6 26. Rc1 Rab8 1/2-1/2

[Event "ENCI Limburg-open C"]
[Site "Maastricht"]
[Date "2010.05.21"]
[Round "1"]
[White "Heinemans, Nol"]
[Black "Snoeks, Pieter Jan"]
[Result "1-0"]
[WhiteElo "1680"]
[BlackElo "1388"]
[PlyCount "87"]
[EventDate "2010.05.21"]
[EventType "swiss"]
[EventRounds "7"]
[EventCountry "NED"]
[Source "P.Boonen"]
[SourceDate "2010.10.01"]

1. e4 c5 2. Nf3 Nc6 3. Nc3 e6 4. d4 cxd4 5. Nxd4 Bc5 6. Be3 Qb6 7. Ncb5 a6 8.
Nxc6 Qxc6 9. Bxc5 Qxc5 10. Qd6 Qxd6 11. Nxd6+ Ke7 12. O-O-O Nf6 13. f3 b5 14.
Kb1 Rb8 15. Rd4 e5 16. Rd2 g6 17. g3 Rb6 18. Nxc8+ Rxc8 19. Bh3 Rc7 20. Rhd1 d6
21. Bf1 b4 22. b3 a5 23. Kb2 Ra7 24. Bc4 Nd7 25. h4 a4 26. f4 Nc5 27. fxe5 Nxe4
28. exd6+ Nxd6 29. Re1+ Kf8 30. Rd4 Nxc4+ 31. Rxc4 axb3 32. axb3 Rba6 33. Rxb4
Ra2+ 34. Kc3 Rc7+ 35. Rc4 Rxc4+ 36. bxc4 Ra3+ 37. Kb4 Rxg3 38. c5 Rg4+ 39. c4
Rd4 40. c6 Rd8 41. Kc5 Re8 42. Rxe8+ Kxe8 43. Kb6 Kd8 44. Kb7 1-0

[Event "ENCI Limburg-open C"]
[Site "Maastricht"]
[Date "2010.05.21"]
[Round "1"]
[White "Henrotte, Nils"]
[Black "De Bruin, Joost"]
[Result "1-0"]
[WhiteElo "1655"]
[BlackElo "1314"]
[PlyCount "89"]
[EventDate "2010.05.21"]
[EventType "swiss"]
[EventRounds "7"]
[EventCountry "NED"]
[Source "P.Boonen"]
[SourceDate "2010.10.01"]

1. Nf3 Nc6 2. c4 d6 3. d4 g6 4. e4 Bg7 5. Nc3 Nf6 6. Be3 O-O 7. Qd2 Bg4 8. h3
Bxf3 9. gxf3 e5 10. d5 Nb8 11. Be2 c6 12. h4 cxd5 13. exd5 Nbd7 14. Bh6 Nh5 15.
Bxg7 Kxg7 16. Ne4 Ndf6 17. O-O-O Nf4 18. Rdg1 h5 19. Bf1 Rc8 20. Kb1 Qe7 21.
Ng3 Kh8 22. Bd3 Rg8 23. Ne2 Nxd3 24. Qxd3 e4 25. Qd4 b6 26. Nc3 Qe5 27. Qxe5
dxe5 28. fxe4 Rxc4 29. f3 a6 30. Rd1 Rd8 31. Rd2 Kg7 32. Rc1 Rd6 33. Rdc2 Kh6
34. Rg1 Nh7 35. Ne2 Rxc2 36. Kxc2 g5 37. Ng3 Rd8 38. Kd3 Rg8 39. Nf5+ Kg6 40.
Ne7+ Kg7 41. Nxg8 Kxg8 42. hxg5 Kg7 43. Ke3 f6 44. gxf6+ Kxf6 45. f4 1-0

[Event "ENCI Limburg-open C"]
[Site "Maastricht"]
[Date "2010.05.21"]
[Round "1"]
[White "Huebben, Dominik"]
[Black "Elisen, Peter"]
[Result "1-0"]
[WhiteElo "1746"]
[BlackElo "1589"]
[PlyCount "41"]
[EventDate "2010.05.21"]
[EventType "swiss"]
[EventRounds "7"]
[EventCountry "NED"]
[Source "P.Boonen"]
[SourceDate "2010.10.01"]

1. e4 d6 2. d4 Nd7 3. f4 e5 4. Nf3 exd4 5. Qxd4 Ngf6 6. Nc3 Be7 7. Bc4 O-O 8.
h3 h6 9. Be3 a6 10. O-O-O c5 11. Qd2 b5 12. e5 dxe5 13. fxe5 b4 14. Ne2 Nh7 15.
e6 Nb6 16. exf7+ Kh8 17. Ne5 Bf5 18. Be6 Qxd2+ 19. Rxd2 Be4 20. Nf4 Ng5 21.
Neg6+ 1-0

[Event "ENCI Limburg-open C"]
[Site "Maastricht"]
[Date "2010.05.21"]
[Round "1"]
[White "Kunowski, Marco"]
[Black "Visse, Bernard"]
[Result "0-1"]
[WhiteElo "1290"]
[BlackElo "1641"]
[PlyCount "50"]
[EventDate "2010.05.21"]
[EventType "swiss"]
[EventRounds "7"]
[EventCountry "NED"]
[Source "P.Boonen"]
[SourceDate "2010.10.01"]

1. d4 f5 2. e3 Nf6 3. h3 d6 4. Bd3 g6 5. b3 Bg7 6. Nf3 Nc6 7. c3 O-O 8. O-O h6
9. Qc2 e6 10. Nbd2 d5 11. Nh4 Kh7 12. Nhf3 Ne4 13. Bb2 g5 14. c4 Nb4 15. Qb1 g4
16. Bxe4 fxe4 17. Ba3 gxf3 18. Nxf3 Rxf3 19. gxf3 Nd3 20. cxd5 exd5 21. Kh2 Qh4
22. Qc2 Qxh3+ 23. Kg1 exf3 24. Qxd3+ Kg8 25. Qg6 Bg4 0-1

[Event "ENCI Limburg-open C"]
[Site "Maastricht"]
[Date "2010.05.21"]
[Round "1"]
[White "Lemmens, Paul"]
[Black "Majhi, Ankit"]
[Result "1/2-1/2"]
[WhiteElo "1322"]
[BlackElo "1657"]
[PlyCount "58"]
[EventDate "2010.05.21"]
[EventType "swiss"]
[EventRounds "7"]
[EventCountry "NED"]
[Source "P.Boonen"]
[SourceDate "2010.10.01"]

1. e4 e5 2. Nf3 Nc6 3. Bc4 Nf6 4. d3 Be7 5. Be3 O-O 6. Nbd2 d5 7. exd5 Nxd5 8.
c3 Be6 9. Qb3 Na5 10. Qa4 c6 11. Bxd5 Bxd5 12. Nxe5 Bxg2 13. Rg1 Bh3 14. Bh6
Bf6 15. Ndf3 Re8 16. d4 b5 17. Qc2 Nc4 18. Ng5 Bxg5 19. Rxg5 g6 20. O-O-O Nxe5
21. dxe5 Qa5 22. a3 Rad8 23. f4 Qb6 24. Qe4 Qf2 25. Rdg1 Rd2 26. Rxg6+ hxg6 27.
Rxg6+ Kh8 28. Bg7+ Kg8 29. Bh6+ Kh8 1/2-1/2

[Event "ENCI Limburg-open C"]
[Site "Maastricht"]
[Date "2010.05.21"]
[Round "1"]
[White "Mueller, Elias"]
[Black "Mathee, Jochen"]
[Result "0-1"]
[WhiteElo "1229"]
[BlackElo "1611"]
[PlyCount "62"]
[EventDate "2010.05.21"]
[EventType "swiss"]
[EventRounds "7"]
[EventCountry "NED"]
[Source "P.Boonen"]
[SourceDate "2010.10.01"]

1. d4 d5 2. c4 c6 3. Nc3 e6 4. Bf4 Nf6 5. e3 Qb6 6. Rb1 Be7 7. Nf3 O-O 8. c5
Qa5 9. Bd3 Ne4 10. Bxe4 dxe4 11. Nd2 f5 12. Nb3 Qd8 13. O-O g5 14. Bxb8 Rxb8
15. f3 exf3 16. Qxf3 Bd7 17. Rbe1 Be8 18. Qd1 Bg6 19. e4 Qc7 20. d5 cxd5 21.
exd5 Bxc5+ 22. Kh1 Rbd8 23. Rxe6 Bf7 24. Rf6 f4 25. Qg4 Be3 26. Qxg5+ Kh8 27.
Rd1 Rg8 28. Qh4 Rd6 29. Nb5 Qc2 30. Qxh7+ Kxh7 31. Rxf7+ Kh8 0-1

[Event "ENCI Limburg-open C"]
[Site "Maastricht"]
[Date "2010.05.21"]
[Round "1"]
[White "Roemhild, Wolfgang"]
[Black "Schoffelen, Jan"]
[Result "1-0"]
[WhiteElo "1675"]
[BlackElo "1367"]
[PlyCount "71"]
[EventDate "2010.05.21"]
[EventType "swiss"]
[EventRounds "7"]
[EventCountry "NED"]
[Source "P.Boonen"]
[SourceDate "2010.10.01"]

1. e4 e5 2. d4 exd4 3. f4 Be7 4. Nf3 d6 5. Bd3 Bg4 6. O-O Nc6 7. a3 Qd7 8. b4
a6 9. Nbd2 b5 10. Nb3 Bf6 11. Bb2 Nge7 12. Qd2 Bxf3 13. Rxf3 Nc8 14. Re1 Nb6
15. e5 dxe5 16. Nc5 Qc8 17. Be4 O-O 18. Bxc6 Rb8 19. fxe5 Be7 20. Qxd4 Rd8 21.
Qf4 Bxc5+ 22. bxc5 Rf8 23. cxb6 Qe6 24. bxc7 Rbc8 25. Rh3 Qxc6 26. Qg4 Qg6 27.
Qd4 Rxc7 28. e6 fxe6 29. Rg3 Qf7 30. Qb6 g6 31. Rf3 Qd7 32. Rxf8+ Kxf8 33. Qe3
Kg8 34. Qe5 Kf7 35. Qf6+ Ke8 36. Rxe6+ 1-0

[Event "ENCI Limburg-open C"]
[Site "Maastricht"]
[Date "2010.05.21"]
[Round "1"]
[White "Senden, Sjef"]
[Black "Beissel, Daniel"]
[Result "1-0"]
[WhiteElo "1710"]
[BlackElo "1542"]
[PlyCount "59"]
[EventDate "2010.05.21"]
[EventType "swiss"]
[EventRounds "7"]
[EventCountry "NED"]
[Source "P.Boonen"]
[SourceDate "2010.10.01"]

1. d4 Nf6 2. c4 c5 3. e3 cxd4 4. exd4 d6 5. Nf3 g6 6. Be2 Bg7 7. O-O O-O 8. Nc3
Nbd7 9. Re1 b6 10. Bg5 Bb7 11. Qd2 e6 12. Rac1 a6 13. h3 Qc7 14. b4 Rac8 15. d5
e5 16. Bh6 Nh5 17. Bxg7 Nxg7 18. Ne4 f5 19. Neg5 h6 20. Ne6 Nxe6 21. dxe6 Nf6
22. Qxh6 Qg7 23. Qxg7+ Kxg7 24. Ng5 Rfe8 25. Red1 Rc6 26. Nf7 d5 27. cxd5 Rxc1
28. Rxc1 Bxd5 29. Rc7 Bxe6 30. Nd6+ 1-0

[Event "ENCI Limburg-open C"]
[Site "Maastricht"]
[Date "2010.05.21"]
[Round "1"]
[White "Senders, Justin"]
[Black "Mollema, Henk"]
[Result "1-0"]
[WhiteElo "1630"]
[BlackElo "1279"]
[PlyCount "27"]
[EventDate "2010.05.21"]
[EventType "swiss"]
[EventRounds "7"]
[EventCountry "NED"]
[Source "P.Boonen"]
[SourceDate "2010.10.01"]

1. e4 e5 2. Nf3 Nc6 3. Bc4 Bc5 4. b4 Bxb4 5. c3 Ba5 6. d4 exd4 7. O-O dxc3 8.
Qb3 Qe7 9. Nxc3 Bxc3 10. Qxc3 d6 11. Qxg7 Nf6 12. Qxh8+ Kd7 13. Bg5 Qxe4 14.
Rfe1 1-0

[Event "ENCI Limburg-open C"]
[Site "Maastricht"]
[Date "2010.05.21"]
[Round "1"]
[White "Senders, Mischa"]
[Black "Katoen, Tom"]
[Result "1-0"]
[WhiteElo "1613"]
[BlackElo "1235"]
[PlyCount "49"]
[EventDate "2010.05.21"]
[EventType "swiss"]
[EventRounds "7"]
[EventCountry "NED"]
[Source "P.Boonen"]
[SourceDate "2010.10.01"]

1. e4 c5 2. Nf3 d6 3. d4 cxd4 4. Nxd4 Nf6 5. Nc3 e6 6. Be2 Be7 7. O-O O-O 8.
Be3 Bd7 9. f4 Nc6 10. g4 Qb6 11. Qd2 Rab8 12. Nxe6 Qxb2 13. Rfb1 Qa3 14. Rb3
Qa5 15. Rb5 Qa6 16. Nxf8 Kxf8 17. g5 Ng4 18. Rd5 b5 19. Bc5 Qb7 20. Kg2 Rd8 21.
Bxd6 Bxd6 22. Rxd6 a6 23. Bxg4 Ke8 24. Rd1 Nb8 25. Qd4 1-0

[Event "ENCI Limburg-open C"]
[Site "Maastricht"]
[Date "2010.05.21"]
[Round "1"]
[White "Sterck, Arno"]
[Black "Overtoom, Reinier"]
[Result "1/2-1/2"]
[WhiteElo "1367"]
[BlackElo "1674"]
[PlyCount "37"]
[EventDate "2010.05.21"]
[EventType "swiss"]
[EventRounds "7"]
[EventCountry "NED"]
[Source "P.Boonen"]
[SourceDate "2010.10.01"]

1. e4 c5 2. Nc3 g6 3. f4 Bg7 4. Nf3 d6 5. Bc4 Nc6 6. O-O Nf6 7. d3 O-O 8. Qe1
a6 9. Qh4 e6 10. f5 exf5 11. Bh6 Be6 12. Ng5 Bxc4 13. dxc4 Nh5 14. Bxg7 Kxg7
15. exf5 h6 16. Nf3 Qxh4 17. Nxh4 Nf6 18. Nd5 g5 19. Nf3 1/2-1/2

[Event "ENCI Limburg-open C"]
[Site "Maastricht"]
[Date "2010.05.21"]
[Round "1"]
[White "Strolenberg, Lars"]
[Black "Van Ginneken, Maikel"]
[Result "1-0"]
[WhiteElo "1659"]
[BlackElo "1331"]
[PlyCount "115"]
[EventDate "2010.05.21"]
[EventType "swiss"]
[EventRounds "7"]
[EventCountry "NED"]
[Source "P.Boonen"]
[SourceDate "2010.10.01"]

1. e4 e5 2. Nc3 Bc5 3. Bc4 Nf6 4. f4 d6 5. Nf3 Nc6 6. h3 Bd7 7. d3 Nd4 8. fxe5
Nxf3+ 9. Qxf3 dxe5 10. Qg3 Qe7 11. Bg5 Bd4 12. Nd5 Qd6 13. c3 Bc5 14. Bxf6 gxf6
15. Qg7 O-O-O 16. Qxf6 Rhg8 17. Qxd6 Bxd6 18. g4 Rgf8 19. Nf6 h6 20. Rf1 c6 21.
O-O-O b5 22. Bb3 a5 23. a3 b4 24. axb4 axb4 25. Kc2 Kb7 26. Rf3 Kb6 27. Nxd7+
Rxd7 28. Rdf1 bxc3 29. bxc3 c5 30. Rxf7 Rdxf7 31. Rxf7 Rxf7 32. Bxf7 Be7 33.
Kb3 Kc6 34. Kc4 Kd6 35. Bg6 Bf6 36. Kb3 Be7 37. Kc2 Bg5 38. Kd1 Bf4 39. Ke2 Bg5
40. Kf3 Bf4 41. h4 Bd2 42. c4 Bf4 43. g5 hxg5 44. h5 Ke6 45. Kg4 Kf6 46. Be8
Be3 47. Bd7 Bf4 48. Bf5 Be3 49. h6 Bf4 50. h7 Kg7 51. Bg6 Be3 52. Kf5 Bf4 53.
d4 exd4 54. e5 d3 55. e6 d2 56. e7 d1=Q 57. h8=Q+ Kxh8 58. e8=Q+ 1-0

[Event "ENCI Limburg-open C"]
[Site "Maastricht"]
[Date "2010.05.21"]
[Round "1"]
[White "Tuerlinckx, Ben"]
[Black "Heuts, Guido"]
[Result "1-0"]
[WhiteElo "1692"]
[BlackElo "1450"]
[PlyCount "43"]
[EventDate "2010.05.21"]
[EventType "swiss"]
[EventRounds "7"]
[EventCountry "NED"]
[Source "P.Boonen"]
[SourceDate "2010.10.01"]

1. e4 c6 2. d4 d5 3. exd5 cxd5 4. Bd3 Nc6 5. c3 Nf6 6. Bf4 e6 7. Nf3 Be7 8. O-O
Bd7 9. Nbd2 a6 10. Ne5 Bd6 11. Nxf7 Kxf7 12. Bxd6 Bc8 13. Bg3 Re8 14. Nf3 Kg8
15. Ne5 Nxe5 16. Bxe5 Nd7 17. f4 Nxe5 18. fxe5 Bd7 19. Bxh7+ Kxh7 20. Qh5+ Kg8
21. Qf7+ Kh7 22. Rf3 1-0

[Event "ENCI Limburg-open C"]
[Site "Maastricht"]
[Date "2010.05.21"]
[Round "1"]
[White "Ucaroglu, Melih Furkan"]
[Black "Bok, Gidius"]
[Result "1-0"]
[WhiteElo "1414"]
[BlackElo "1682"]
[PlyCount "59"]
[EventDate "2010.05.21"]
[EventType "swiss"]
[EventRounds "7"]
[EventCountry "NED"]
[Source "P.Boonen"]
[SourceDate "2010.10.01"]

1. f4 d5 2. Nf3 Nf6 3. b3 Nc6 4. e3 Bg4 5. Bb5 a6 6. Bxc6+ bxc6 7. Bb2 e6 8. d3
Bc5 9. Qe2 O-O 10. Nbd2 Re8 11. h3 Bxf3 12. Nxf3 a5 13. Ne5 Qd6 14. g4 Nd7 15.
Nxd7 Qxd7 16. d4 Be7 17. g5 f6 18. h4 g6 19. h5 Kg7 20. Qg2 f5 21. Kf2 Rh8 22.
Rh3 a4 23. bxa4 Rxa4 24. hxg6 hxg6 25. Rxh8 Kxh8 26. Qh3+ Kg7 27. Rh1 Kf7 28.
Qh7+ Ke8 29. Qxg6+ Kd8 30. Rh8+ 1-0

[Event "ENCI Limburg-open C"]
[Site "Maastricht"]
[Date "2010.05.21"]
[Round "1"]
[White "Uiterwijk, Jos"]
[Black "Hinzen, Jack"]
[Result "1-0"]
[WhiteElo "1702"]
[BlackElo "1489"]
[PlyCount "96"]
[EventDate "2010.05.21"]
[EventType "swiss"]
[EventRounds "7"]
[EventCountry "NED"]
[Source "P.Boonen"]
[SourceDate "2010.10.01"]

1. e4 c5 2. Nf3 a6 3. d4 cxd4 4. Nxd4 e5 5. Nf3 d6 6. Bc4 Be6 7. Bxe6 fxe6 8.
O-O Nf6 9. Re1 Be7 10. h3 Nc6 11. c3 O-O 12. Qb3 Qd7 13. Nbd2 Kh8 14. Nc4 Bd8
15. Bg5 b5 16. Ncd2 Na5 17. Qc2 Rc8 18. a3 Bb6 19. Be3 Bd8 20. Rad1 Qe7 21. Bg5
Qf7 22. b4 Nc6 23. Qb3 Bb6 24. Be3 Bd8 25. Ng5 Qg6 26. Nxe6 Re8 27. Ng5 Rf8 28.
Ne6 Re8 29. Nxd8 Rcxd8 30. Bb6 Rd7 31. f3 Nh5 32. Be3 Rf8 33. Rf1 Nd8 34. Rf2
Ne6 35. Nf1 Nhf4 36. Bxf4 Nxf4 37. Kh2 Rdf7 38. Ng3 h5 39. Nf5 Rf6 40. g3 Ne6
41. Rxd6 Qg5 42. Rxe6 Rxf5 43. exf5 h4 44. gxh4 Qf4+ 45. Kg2 Qxh4 46. Rg6 Qf4
47. Qc2 Rxf5 48. Rg4 Rg5 1-0

[Event "ENCI Limburg-open C"]
[Site "Maastricht"]
[Date "2010.05.21"]
[Round "1"]
[White "Van Broekhoven, Stefan"]
[Black "Gerlagh, Joris"]
[Result "0-1"]
[WhiteElo "1309"]
[BlackElo "1654"]
[PlyCount "82"]
[EventDate "2010.05.21"]
[EventType "swiss"]
[EventRounds "7"]
[EventCountry "NED"]
[Source "P.Boonen"]
[SourceDate "2010.10.01"]

1. e4 c5 2. Bc4 Nc6 3. d3 e6 4. Nc3 Nf6 5. Nf3 d5 6. exd5 exd5 7. Qe2+ Be7 8.
Bb5 O-O 9. Bxc6 bxc6 10. d4 Bg4 11. Be3 cxd4 12. Bxd4 c5 13. Bxf6 Bxf6 14. O-O
Bxc3 15. bxc3 Qf6 16. h3 Rfe8 17. Qd3 Bxf3 18. Qxf3 Qxf3 19. gxf3 Re2 20. Rad1
Rxc2 21. Rxd5 Rxc3 22. Rfd1 g6 23. Kg2 Ra3 24. Rxc5 Rxa2 25. Rc7 Ra5 26. Rdd7
Rg5+ 27. Kh2 Rf5 28. Kg3 a5 29. Rd3 Rb8 30. f4 Rb4 31. Rf3 Kg7 32. Rc1 h5 33.
Rg1 Kh6 34. h4 Kg7 35. Rg2 f6 36. Rg1 g5 37. hxg5 fxg5 38. Kh2 g4 39. Rgg3 Kh6
40. Rc3 Rbxf4 41. f3 Rxf3 0-1

[Event "ENCI Limburg-open C"]
[Site "Maastricht"]
[Date "2010.05.21"]
[Round "1"]
[White "Van Eijk, Liedewij"]
[Black "Reyskens, Jules"]
[Result "0-1"]
[WhiteElo "1281"]
[BlackElo "1631"]
[PlyCount "40"]
[EventDate "2010.05.21"]
[EventType "swiss"]
[EventRounds "7"]
[EventCountry "NED"]
[Source "P.Boonen"]
[SourceDate "2010.10.01"]

1. e4 e5 2. d4 exd4 3. Nf3 Nc6 4. c3 d5 5. exd5 Qxd5 6. Be2 Be6 7. O-O O-O-O 8.
Qa4 Qa5 9. Qxa5 Nxa5 10. cxd4 Nf6 11. a3 Nb3 12. Bf4 Nxa1 13. Nc3 Nb3 14. Nb5
Nd5 15. Bg3 a6 16. Bc4 Na5 17. Bxd5 axb5 18. Rc1 Bd6 19. Bxe6+ fxe6 20. Ne5
Rhf8 0-1

[Event "ENCI Limburg-open C"]
[Site "Maastricht"]
[Date "2010.05.21"]
[Round "1"]
[White "Van Steenwinckel, Hugo"]
[Black "Chotoe, Henry"]
[Result "1-0"]
[WhiteElo "1645"]
[BlackElo "1298"]
[PlyCount "95"]
[EventDate "2010.05.21"]
[EventType "swiss"]
[EventRounds "7"]
[EventCountry "NED"]
[Source "P.Boonen"]
[SourceDate "2010.10.01"]

1. e4 d6 2. d4 Nf6 3. Nc3 Nbd7 4. Bc4 e5 5. dxe5 dxe5 6. a3 c6 7. Nf3 Be7 8.
O-O O-O 9. Re1 Qc7 10. Bg5 b5 11. Ba2 Nb6 12. h3 Bd7 13. Re3 Rad8 14. Qe2 Be6
15. Rd3 Bxa2 16. Nxa2 Nh5 17. Bxe7 Qxe7 18. Rxd8 Rxd8 19. Rd1 Nf4 20. Qe1 Ng6
21. Nb4 Rxd1 22. Qxd1 c5 23. Nc6 Qc7 24. Ncxe5 Nxe5 25. Nxe5 h6 26. Nd3 Nc4 27.
Qc1 Ne5 28. Qe3 Nxd3 29. Qxd3 Qe5 30. c3 c4 31. Qe3 f5 32. f4 Qxe4 33. Qxe4
fxe4 34. Kf2 Kf7 35. Ke3 Ke6 36. Kxe4 g6 37. g4 a6 38. h4 a5 39. Kd4 g5 40.
hxg5 hxg5 41. f5+ Kf6 42. Kc5 Ke5 43. Kxb5 Kf4 44. f6 Kxg4 45. f7 Kh4 46. f8=Q
g4 47. Qf2+ g3 48. Qg2 1-0

[Event "ENCI Limburg-open C"]
[Site "Maastricht"]
[Date "2010.05.21"]
[Round "1"]
[White "Welling, Sophie"]
[Black "Been, Klaas"]
[Result "0-1"]
[WhiteElo "1572"]
[BlackElo "1735"]
[PlyCount "124"]
[EventDate "2010.05.21"]
[EventType "swiss"]
[EventRounds "7"]
[EventCountry "NED"]
[Source "P.Boonen"]
[SourceDate "2010.10.01"]

1. d4 d5 2. c4 e6 3. Nc3 Nf6 4. Nf3 Be7 5. e3 Nbd7 6. Be2 c5 7. b3 b6 8. Bb2
Bb7 9. O-O O-O 10. Rc1 Rc8 11. dxc5 Bxc5 12. a3 Qe7 13. Ra1 dxc4 14. Bxc4 Rfd8
15. Qe2 a6 16. a4 Bb4 17. Na2 Bxf3 18. Qxf3 Ba3 19. Qe2 Bxb2 20. Qxb2 a5 21.
Rfd1 Nc5 22. Nc3 Nfe4 23. Nb5 Rxd1+ 24. Rxd1 Nxa4 25. Qd4 Nac5 26. Na7 Rf8 27.
Nc6 Qf6 28. Qxf6 Nxf6 29. f3 g6 30. Kf2 Kg7 31. Ke2 Rc8 32. Ne5 Rc7 33. Rd6 Rb7
34. Nd3 Nxd3 35. Bxd3 Nd5 36. Kd2 Kf6 37. Be4 Ke5 38. Rd8 f5 39. Bxd5 exd5 40.
Kd3 Rc7 41. f4+ Ke6 42. Re8+ Kd6 43. Rd8+ Kc5 44. Rb8 Rc6 45. Kc3 b5 46. Ra8
b4+ 47. Kb2 Kb6 48. Rd8 Re6 49. Rxd5 Rxe3 50. Rd2 Kc5 51. g3 Re4 52. Kc2 Re3
53. Kb2 Rc3 54. Ka2 h5 55. Kb2 Rf3 56. Rg2 Kd4 57. Re2 Kd3 58. Re6 Rf2+ 59. Kb1
Rxh2 60. Rxg6 Kc3 61. Ra6 Kxb3 62. Kc1 a4 0-1

[Event "ENCI Limburg-open C"]
[Site "Maastricht"]
[Date "2010.05.21"]
[Round "1"]
[White "Yue, Tim"]
[Black "Gundogmus, Alaettin"]
[Result "1-0"]
[WhiteElo "1733"]
[BlackElo "1558"]
[PlyCount "39"]
[EventDate "2010.05.21"]
[EventType "swiss"]
[EventRounds "7"]
[EventCountry "NED"]
[Source "P.Boonen"]
[SourceDate "2010.10.01"]

1. e4 e5 2. Nf3 Nc6 3. d4 exd4 4. Bc4 d6 5. Nxd4 Nxd4 6. Qxd4 Qf6 7. Be3 Qxd4
8. Bxd4 Be6 9. Bb3 b6 10. Nc3 c6 11. O-O Ne7 12. f4 O-O-O 13. f5 Bxb3 14. axb3
Rd7 15. b4 f6 16. Ne2 c5 17. Bc3 cxb4 18. Bxb4 Nc6 19. Bc3 Be7 20. Nf4 {Handy}
1-0

[Event "ENCI Limburg-open C"]
[Site "Maastricht"]
[Date "2010.05.22"]
[Round "1"]
[White "Weerts, Rene"]
[Black "Van den Bosch, Arno"]
[Result "0-1"]
[WhiteElo "1672"]
[BlackElo "1336"]
[PlyCount "120"]
[EventDate "2010.05.21"]
[EventType "swiss"]
[EventRounds "7"]
[EventCountry "NED"]
[Source "P.Boonen"]
[SourceDate "2010.10.01"]

1. d4 Nf6 2. Nf3 g6 3. Bf4 Bg7 4. c3 O-O 5. Nbd2 d6 6. e3 Bf5 7. Nh4 Bg4 8. Qb3
Qc8 9. Nhf3 Nbd7 10. h3 Bf5 11. h4 d5 12. Be2 e6 13. Nh2 h5 14. Qd1 Re8 15. g4
hxg4 16. Nxg4 Bxg4 17. Bxg4 Nxg4 18. Qxg4 e5 19. Bg3 exd4 20. cxd4 Nb6 21. Qxc8
Raxc8 22. O-O c5 23. Nf3 cxd4 24. exd4 Re2 25. b3 Rcc2 26. a4 Rc3 27. Kg2 Rxb3
28. a5 Nc4 29. Rfe1 Rxe1 30. Rxe1 Nxa5 31. Re8+ Kh7 32. Ng5+ Kh6 33. Nxf7+ Kh7
34. Ng5+ Kh6 35. Bf4 Kh5 36. Ne6 Bf6 37. Rf8 Bxh4 38. f3 g5 39. Be5 Rb2+ 40.
Kh3 Kg6 41. Rf6+ Kh7 42. Nf8+ Kg8 43. Rf5 Nc4 44. Nd7 Rb1 45. Rf8+ Kh7 46. Rf7+
Kg6 47. Rf6+ Kh7 48. f4 Ne3 49. Kh2 Ng4+ 50. Kg2 Nxf6 51. Nxf6+ Kg6 52. fxg5
Bxg5 53. Nxd5 a5 54. Nc3 Rb3 55. d5 Bf6 56. Bxf6 Kxf6 57. Ne4+ Ke5 58. Nc5 Rb2+
59. Kf3 Kxd5 60. Na4 Rb4 0-1